[Event "FRA-chT"]
[Site "France"]
[Date "1991.??.??"]
[Round "?"]
[White "Dufrenoy, Michail"]
[Black "Adams, Michael"]
[Result "1/2-1/2"]
[WhiteElo "2100"]
[BlackElo "2600"]
[PlyCount "114"]
[EventDate "1991.??.??"]
[EventType "team"]
[EventRounds "12"]
[EventCountry "FRA"]
[SourceTitle "TD"]
[Source "ChessBase"]
[SourceDate "1994.03.01"]
[SourceVersion "1"]
[SourceVersionDate "1994.03.01"]
[SourceQuality "1"]

1. d4 d6 2. e4 Nf6 3. Nc3 c6 4. f4 Qa5 5. Bd3 e5 6. dxe5 dxe5 7. f5 b5 8. Nf3 Nbd7 9. 0-0 b4 10. Nb1 Ba6 11. Nbd2 Rd8 12. Qe2 Bxd3 13. cxd3 Nb6 14. Kh1 Be7 15. d4 exd4 16. e5 d3 17. Qe1 Nfd5 18. Nb3 Qa6 19. f6 gxf6 20. exf6 Nxf6 21. Nfd4 Nbd5 22. Bg5 Ng8 23. Rc1 Rd6 24. Nf5 Rg6 25. Bxe7 Ngxe7 26. Qe5 0-0 27. Nxe7+ Nxe7 28. Qxe7 Qxa2 29. Qxb4 Qxb2 30. g3 Re8 31. Qc3 Re2 32. Qxb2 Rxb2 33. Rb1 Rxb1 34. Rxb1 Rd6 35. Nd2 c5 36. Kg1 Re6 37. Rd1 Re2 38. Nc4 Rc2 39. Ne3 Rc3 40. Kf2 a5 41. Ra1 Rb3 42. Nd1 c4 43. Ke3 Rb6 44. Kd4 Rh6 45. Ra2 Re6 46. Kxc4 Re2 47. Rxa5 Rxh2 48. Kxd3 h5 49. Ke3 Kg7 50. Nf2 Kg6 51. Nd3 h4 52. Nf4+ Kf6 53. g4 Rh1 54. Rh5 Rg1 55. Rf5+ Kg7 56. g5 h3 57. Nxh3 Rg3+ 1/2-1/2

[Event "FRA-chT"]
[Site "France"]
[Date "1991.??.??"]
[Round "?"]
[White "Hauchard, Arnaud"]
[Black "Dufrenoy, Michail"]
[Result "1-0"]
[WhiteElo "2420"]
[BlackElo "2100"]
[PlyCount "115"]
[EventDate "1991.??.??"]
[EventType "team"]
[EventRounds "12"]
[EventCountry "FRA"]
[SourceTitle "TD"]
[Source "ChessBase"]
[SourceDate "1994.03.01"]
[SourceVersion "1"]
[SourceVersionDate "1994.03.01"]
[SourceQuality "1"]

1. Nf3 Nf6 2. g3 g6 3. Bg2 Bg7 4. 0-0 0-0 5. c4 d6 6. d4 Nbd7 7. Qc2 e5 8. Rd1 exd4 9. Nxd4 Re8 10. Nc3 a5 11. b3 Nc5 12. Rb1 c6 13. a3 Qe7 14. b4 axb4 15. axb4 Nce4 16. Nxe4 Nxe4 17. Rb3 d5 18. Bb2 Be6 19. Nxe6 Qxe6 20. cxd5 cxd5 21. Bxg7 Kxg7 22. Qb2+ Kg8 23. Rbd3 Rad8 24. Qb3 Qb6 25. e3 Nf6 26. Bxd5 Nxd5 27. Rxd5 Rxd5 28. Rxd5 Qe6 29. Qd3 Rc8 30. Kg2 h5 31. Qd4 Re8 32. h3 Re7 33. Rd6 Qe4+ 34. Qxe4 Rxe4 35. Rb6 Re7 36. Kf3 Kf8 37. Kf4 Rd7 38. g4 hxg4 39. hxg4 Ke7 40. g5 Kd8 41. e4 Kc7 42. Rf6 Kd8 43. Ke3 Ke7 44. Rb6 Kd8 45. f4 Ke7 46. e5 Rc7 47. Kd4 Rd7+ 48. Kc5 Rc7+ 49. Kb5 Rd7 50. Rf6 Rd4 51. Kc5 Rd1 52. b5 Rc1+ 53. Kb6 Rb1 54. e6 fxe6 55. Rxg6 Rb4 56. Rf6 Rb1 57. f5 exf5 58. Rxf5 1-0

[Event "FRA-chT"]
[Site "France"]
[Date "1989.??.??"]
[Round "?"]
[White "Boulanger, Thierry"]
[Black "Dufrenoy, Michail"]
[Result "0-1"]
[WhiteElo "1980"]
[BlackElo "2110"]
[PlyCount "56"]
[EventDate "1989.??.??"]
[EventType "team"]
[EventRounds "11"]
[EventCountry "FRA"]
[SourceTitle "TD"]
[Source "ChessBase"]
[SourceDate "1994.03.01"]
[SourceVersion "1"]
[SourceVersionDate "1994.03.01"]
[SourceQuality "1"]

1. e4 e6 2. d4 d5 3. Nc3 Nf6 4. Bg5 Bb4 5. Nge2 dxe4 6. a3 Be7 7. Bxf6 gxf6 8. Nxe4 f5 9. N4c3 c6 10. g3 b6 11. Bg2 Bb7 12. Qd2 Nd7 13. 0-0-0 Qc7 14. f4 0-0-0 15. Qe3 Nf6 16. h3 h5 17. Bf3 Bd6 18. Kb1 Ba6 19. Nc1 h4 20. N3e2 hxg3 21. Nd3 Nh5 22. Ne5 Bb7 23. Rd3 c5 24. d5 Bxe5 25. fxe5 Bxd5 26. Bxd5 Rxd5 27. Rxd5 exd5 28. Qd3 Qxe5 0-1

[Event "FRA-chT"]
[Site "France"]
[Date "1989.??.??"]
[Round "?"]
[White "Harovelo, Ingmar"]
[Black "Dufrenoy, Michail"]
[Result "1/2-1/2"]
[WhiteElo "2160"]
[BlackElo "2110"]
[PlyCount "82"]
[EventDate "1989.??.??"]
[EventType "team"]
[EventRounds "11"]
[EventCountry "FRA"]
[SourceTitle "TD"]
[Source "ChessBase"]
[SourceDate "1994.03.01"]
[SourceVersion "1"]
[SourceVersionDate "1994.03.01"]
[SourceQuality "1"]

1. c4 Nf6 2. Nc3 g6 3. g3 Bg7 4. Bg2 0-0 5. Nf3 d6 6. 0-0 c6 7. d4 Nbd7 8. e4 e5 9. h3 Qb6 10. d5 Nc5 11. Re1 cxd5 12. cxd5 Bd7 13. Rb1 Qb4 14. Qe2 a5 15. Nd2 Rfc8 16. Bf1 Na4 17. Nxa4 Bxa4 18. b3 Be8 19. Nc4 Bb5 20. Bd2 Qc5 21. Be3 Bxc4 22. bxc4 Qc7 23. h4 Nd7 24. Bh3 Rcb8 25. Rb5 Nc5 26. Reb1 Bf8 27. f3 b6 28. Qb2 Na4 29. Qb3 Nc5 30. Qc2 Kg7 31. f4 f6 32. Bxc5 bxc5 33. Be6 Be7 34. Qb3 Rxb5 35. cxb5 Qb6 36. Qc4 Rf8 37. Rf1 Bd8 38. a4 Qa7 39. Qe2 Bb6 40. Kh2 Qe7 41. Qf2 Qd8 1/2-1/2